Graph theory Singapore 1983 : proceedings of the first Southeast Asian Graph Theory Colloquium, held in Singapore May 10-28, 1983
Saved in:
| Corporate Author: | |
|---|---|
| Other Authors: | , |
| Format: | Conference Proceeding Book |
| Language: | English |
| Published: |
Berlin :
Springer-Verlag,
1984.
|
| Series: | Lecture notes in mathematics (Springer-Verlag)
; 1073 |
| Subjects: | |
| Tags: |
Add Tag
No Tags, Be the first to tag this record!
|
MARC
| LEADER | 00000cam a2200000 i 4500 | ||
|---|---|---|---|
| 001 | 1/61677 | ||
| 008 | 941103s1984 gw ||| | eng|| | ||
| 020 | |a 3540133682 | ||
| 035 | |a 1993 |l 10046479 | ||
| 040 | |a GR-MyUA |b gre |e AACR2 | ||
| 041 | 0 | |a eng | |
| 082 | 0 | |a 511.5 | |
| 111 | 0 | |a Southeast Asian Graph Theory Colloquium |n 1st |d 1983 |c Singapore. | |
| 245 | 1 | 0 | |a Graph theory Singapore 1983 : |b proceedings of the first Southeast Asian Graph Theory Colloquium, held in Singapore May 10-28, 1983 / |c Edited by K.M. Koh and H.P. Yap. |
| 260 | |a Berlin : |b Springer-Verlag, |c 1984. | ||
| 300 | |a xiii, 335 σ. ; |c 25 εκ. | ||
| 490 | 1 | |a (Lecture notes in mathematics (Springer-Verlag) |v ; 1073) | |
| 500 | |a Περιέχει βιβλιογραφικές παραπομπές. | ||
| 650 | 0 | 0 | |a Graph theory |x Congresses. |
| 700 | 1 | |a Koh, Khee Meng |d 1944- |e edt | |
| 700 | 1 | |a Yap, H. B. |q (Hian Poh), |d 1938- |e edt | |
| 830 | 0 | |a Lecture notes in mathematics (Springer-Verlag) |v ; 1073 | |
| 852 | |a INST |b SAMOS |e 19941103 |h 511.5 SOU |p 005300007032 |q 005300007032 |t BK |y 0 | ||
| 909 | |a Σ |b 028963 | ||